000 00535nam a2200181Ia 4500
005 20250508150545.0
008 008 250505s9999 xx 000 0 eng d
037 _aTextual
040 _aFEDL
_beng
_cFEDL
041 _aeng
_2eng
084 _a424, AND
_qFEDL
100 _aAnderson Charles B
_949410
245 0 _aRapid vocabulary builder : A handbook of synonyms and antonyms
260 _aNew York, USA
_bD. Van Nostrand Company
_c1931
300 _a252p.
942 _cTEXL
_h424, AND
999 _c1324250
_d1324250